000 00522nam a2200169 i 4500
001 32818
003 ES-MaACL
005 20230906154636.0
007 t|
008 030131s1972 sp ||||1| spa d
100 1 _aBenito Ruano, Eloy.
_927689
245 1 0 _aDel problema judío al problema converso /
_cEloy Benito Ruano.
260 _a[Toledo :
_bCentro Universitario],
_c1972.
300 _a28 p. ;
_c20 cm.
500 _aEs separata de: Simposio Toledo Judaico, 1972, t. II.
852 _aES-MaACL
_j2092-F-23
_bR.91096
999 _c32818
_d32818